Boolean Matrix Theory and Applications
Αποθηκεύτηκε σε:
| Κύριος συγγραφέας: | |
|---|---|
| Μορφή: | Βιβλίο |
| Γλώσσα: | English |
| Δημοσίευση: |
New York :
Marcel Dekker,
c1982
|
| Σειρά: | Monographs and textbooks in pure and applied mathematics ;
; 70 |
| Θέματα: | |
| Ετικέτες: |
Προσθήκη ετικέτας
Δεν υπάρχουν, Καταχωρήστε ετικέτα πρώτοι!
|
MARC
| LEADER | 00000nam a2200000 i 4500 | ||
|---|---|---|---|
| 001 | 1/52385 | ||
| 008 | 941103s1982 eng d | ||
| 020 | |a 0-8247-7200-8 | ||
| 035 | |a 1993 |l 10044410 | ||
| 040 | |a GR-MY-UA |b gre |e aacr | ||
| 041 | 0 | |a eng | |
| 082 | 0 | |a 511.324 | |
| 100 | 1 | |a Kim, Ki Hang. | |
| 245 | 1 | 0 | |a Boolean Matrix Theory and Applications / |c Ki Hang Kim |
| 260 | |a New York : |b Marcel Dekker, |c c1982 | ||
| 300 | |a 288 p.; |c 23 cm. | ||
| 490 | 1 | |a Monographs and textbooks in pure and applied mathematics |v ; 70 | |
| 504 | |a Includes bibliographical references and index | ||
| 650 | 0 | 0 | |a Algebra, Boolean. |
| 650 | 0 | 0 | |a Matrices. |
| 830 | 0 | |a Monographs and textbooks in pure and applied mathematics ; |v ; 70 | |
| 852 | |a INST |b SAMOS |e 19941103 |h 511.324 KIM |p 005300007879 |q 005300007879 |t BK |y 0 | ||
| 909 | |a Σ |b 030275 | ||